000 00511cam a22002051 4500
001 sa 64007009
003 DLC
005 20260227112043.0
008 891010s1963 ii 000 0 malo
010 _asa 64007009
035 _a(OCoLC)20465077
040 _aDLC
_cWaU
_dDLC
042 _apremarc
050 0 0 _aPL4718.9.D45
_bT3
100 1 _aDevan, N. V.
245 1 0 _aTāḷaṃ ter̲r̲iya jīvitaṅṅaḷ.
260 _a[Champakulam,
_c1963]
300 _a122 p.
_c19 cm.
500 _aIn Malayalam.
999 _c60004
_d60004